Une lettre suffit pour répondre juste #62 (attention 10 lettres tuent) - Statistiques

Statistiques générales
  • Ce quiz a été pris 56 fois
  • Le résultat moyen est 2 sur 6
Statistiques - réponses
Hint Réponse % Correct
Donne une des 5 lettres qui complète le nom du personnage qu'interprète Kad Merad dans ce sketch : Jean-Michel Pas de _ _ _ _ _
CHUTE
100%
Donne une des 4 lettres qui compose le nom de ce groupe de rock australien, formé en 1977 et séparé en 2012.
Avec ses succès tels qu'Original Sin, Need You Tonight, Devil Inside, Never Tear Us Apart ou Suicide Blonde, il constitue l'un des incontournables de la musique australienne, aux côtés, entre autres, d'AC/DC et de Kylie Minogue
INXS
44%
Donne une des 3 lettres qui complète le nom de ce groupe français a cappella de doo-wop, actif entre 1990 et 1996 connu pour son tube Le Chat et sa reprise du standard Le lion est mort ce soir : _ _ _ WOW
POW
25%
Donne une des 2 lettres du sigle qui désigne le salarié qui occupe le rang le plus élevé dans la hiérarchie d'une organisation sociale, équivalent de chief executive officer (ou CEO) en anglais : le _ _ DG
19%
Donne la lettre qui désigne à haute voix ce fruit : ? de goji (ou ? de Goya)
B (Baies)
15%
Donne la lettre qui désigne à haute voix un tir manqué au basketball qui ne touche aucun élément du panier : ni l'arceau, ni le panneau : ? Ball
R (Air)
2%
Aucun quiz correspondant
Distribution des résultats
% des personnes avec chaque résultat
Percentile par nombre de réponses
Votre historique - résultats
Vous n’avez pas pris ce quiz